000 00426cam a22001097a 4500
008 180718b1961 xxu||||| |||| 00| 0 eng d
082 _aB71103x5451 An24/1959 ra
100 _aAndhra Pradesh. Planning and Local Administration Department
245 _aAmendments and additions to the statutory rules under Andhra Pradesh panchayat samithis and zilla parishads act, 1956
260 _aHyderabad
_bThe author
_c1961
300 _a29p.
999 _c488548
_d488548